Γνώσεις γονέων για τα παιδιά με διαταραχές στο φάσμα του αυτισμού : διπλωματική εργασία [πτυχιακή εργασία]
Saved in:
| Main Author: | |
|---|---|
| Corporate Author: | |
| Other Authors: | |
| Format: | Thesis Book |
| Language: | Greek |
| Published: |
2017.
|
| Subjects: | |
| Online Access: | http://hdl.handle.net/11610/17480 |
| Tags: |
Add Tag
No Tags, Be the first to tag this record!
|
MARC
| LEADER | 00000cam a2200000 a 4500 | ||
|---|---|---|---|
| 001 | 1/114576 | ||
| 008 | 170731s2017####gr | ||| |||| ||gre|| | ||
| 040 | |a GR-MyUa |b gre |c GR-MyUa |e AACR2 | ||
| 041 | 0 | |a gre | |
| 082 | 7 | |a 616.89 |2 (23) | |
| 100 | 1 | |a Γιαννοπούλου, Λαμπρινή. | |
| 245 | 1 | 0 | |a Γνώσεις γονέων για τα παιδιά με διαταραχές στο φάσμα του αυτισμού : |b διπλωματική εργασία [πτυχιακή εργασία] / |c Γιαννοπούλου Λαμπρινή ; επιβλέπουσα καθηγήτρια: Νικολάου Ελένη. |
| 260 | |c 2017. | ||
| 300 | |a 71 σ. : |b πίν. ; |c 30 εκ. | ||
| 500 | |a Υπάρχει ψηφιακό αντίγραφο. | ||
| 500 | |a Μέλη εξεταστικής επιτροπής: Ξανθάκου Ποτίτσα, Παπαηλιού Χριστίνα. | ||
| 502 | # | # | |a Πτυχιακή εργασία – Πανεπιστήμιο Αιγαίου, Ρόδος, 2017. |
| 504 | |a Βιβλιογραφία: σ. 62-67. | ||
| 506 | 1 | |a Πλήρες κείμενο - Ενδοπανεπιστημιακή δημοσίευση - Κλειδωμένη η δυνατότητα αντιγραφής. | |
| 650 | 0 | |a Children with disabilities. | |
| 650 | 0 | |a Autism |x Patients |x Rehabilitation. | |
| 650 | 0 | |a Autism in children. | |
| 650 | 0 | |a Parents of children with disabilities. | |
| 700 | 1 | |a Νικολάου, Ελένη Ν. |e dgsf | |
| 710 | 2 | |a Πανεπιστήμιο Αιγαίου |b Σχολή Ανθρωπιστικών Επιστημών |b Τμήμα Επιστημών της Προσχολικής Αγωγής και του Εκπαιδευτικού Σχεδιασμού. | |
| 852 | |a INST |b RHODES |c DIATR |e 20170731 |h 616.89 ΓΙΑ |p 005400039465 |q 005400039465 |t DIE |y 23 | ||
| 856 | |u http://hdl.handle.net/11610/17480 | ||
| 924 | |a Γιαννοπούλου |b Λαμπρινή |y Ρόδος |z 2017-06 | ||
| 970 | |z 31-07-2017. | ||